101 ejercicios para el ataque de baloncesto
Guardat en:
| Autors principals: | , , |
|---|---|
| Format: | Llibre |
| Idioma: | espanyol |
| Publicat: |
Barcelona
Paidotribo
2002
|
| Matèries: | |
| Etiquetes: |
Afegir etiqueta
Sense etiquetes, Sigues el primer a etiquetar aquest registre!
|
MARC
| LEADER | 00000nam a2200000 a 4500 | ||
|---|---|---|---|
| 001 | UCM7297 | ||
| 003 | CL-VaPUC | ||
| 008 | 021213e20020000SP |||||||||||||||||spa|d | ||
| 082 | 0 | 4 | |a 796.323 |b KAR |2 21 |
| 100 | |a Karl, George |e author |9 551939 | ||
| 700 | 0 | |a Stotts, Terry |e author |9 472837 | |
| 700 | 0 | |a Johnson, Price |e author |9 472838 | |
| 245 | 1 | 0 | |a 101 ejercicios para el ataque de baloncesto |
| 300 | |a 146 p | ||
| 942 | |c BK | ||
| 945 | |d 20021213 00:00:00 |a vberengu | ||
| 260 | |a Barcelona |b Paidotribo |c 2002 | ||
| 650 | 7 | |a JUEGOS DE PELOTA |2 CL-VaPUC |9 340284 | |
| 650 | 7 | |a BASQUETBOL |2 CL-VaPUC |9 472839 | |
| 650 | 7 | |a ENTRENAMIENTO ATLETICO |2 CL-VaPUC |9 472840 | |
| 583 | |a last modification |c 20021213 00:00:00 |k Rodrigo Vera | ||
| 999 | |c 302144 |d 302142 | ||
| 952 | |0 0 |1 0 |4 0 |6 796_323000000000000_KAR_2002 |7 0 |8 C |9 362197 |a BIBCUR |b BIBCUR |d 2019-11-21 |i 4702425 |o 796.323 KAR 2002 |p 4702425 |r 2025-04-22 |w 2019-11-21 |y BK |k DEN | ||